000
00273nam a22001217a 4500
008
181205b xxu||||| |||| 00| 0 eng d
041
_a
eng
080
_a
721
100
_a
41
101
_a
NDE
245
_a
The Octagon House A Home for all
_c
Fowler,O.S
942
_2
udc
_c
BK
999
_c
52838
_d
52838